Engineering mechanics (Record no. 10064)

000 -LEADER
fixed length control field 00527nam a2200193 4500
001 - CONTROL NUMBER
control field 10064
003 - CONTROL NUMBER IDENTIFIER
control field BD-DhUET
008 - FIXED-LENGTH DATA ELEMENTS--GENERAL INFORMATION
fixed length control field 731003s1967 maua 000 0 eng
040 ## - CATALOGING SOURCE
Original cataloging agency DLC
Transcribing agency DLC
Modifying agency BD-DhUET
082 ## - DEWEY DECIMAL CLASSIFICATION NUMBER
Classification number 620.1
Item number HUA/1967
100 1# - MAIN ENTRY--PERSONAL NAME
Personal name Huang, T. C.
245 10 - TITLE STATEMENT
Title Engineering mechanics
Statement of responsibility, etc. by T. C. Huang
250 ## - EDITION STATEMENT
Edition statement 1st ed.
260 ## - PUBLICATION, DISTRIBUTION, ETC. (IMPRINT)
Place of publication, distribution, etc. Massachusetts
Name of publisher, distributor, etc. Addison-Wesley Publishing
Date of publication, distribution, etc. 1967
300 ## - PHYSICAL DESCRIPTION
Extent xv,400p.p.- 860 p.
Dimensions 24 cm.
Other physical details ill.
500 ## - GENERAL NOTE
General note Volume - 2 : Dynamics
650 #0 - SUBJECT ADDED ENTRY--TOPICAL TERM
Topical term or geographic name as entry element Mechanics, Applied
942 ## - ADDED ENTRY ELEMENTS (KOHA)
Koha item type General Book
Holdings
Koha date last borrowed Date acquired Copy number Koha issues (times borrowed) Not for loan Koha normalized classification for sorting Withdrawn status Koha item type Price effective from Lost status Shelving location Location (home branch) Koha date last seen Source of classification or shelving scheme Piece designation (barcode) Koha full call number Sublocation or collection (holding branch) Damaged status
2023-01-232015-02-0411 620_100000000000000_HUA_1967 General Book2015-02-04 Circulation sectionCentral Library, BUET2023-01-23 23581620.1/HUA/1967Central Library, BUET 
 2015-02-042  620_100000000000000_HUA_1967 General Book2015-02-04 Circulation sectionCentral Library, BUET2015-02-04 84944620.1/HUA/1967Central Library, BUET